000 00651cam a2200217 a 4500
001 000007773
005 20200929154308.0
008 821014s1994 sp 000 f spa
020 _a8420646385
040 _aDO-SdBNP
_bspa
_cBNPHU
082 _axxxx
_bxxxxx
100 1 _aBryce Echenique, Alfredo,
_d1939-
_915067
245 1 0 _aMuerte de Sevilla en Madrid /
_cAlfredo Bryce Echenique.
260 _aMadrid :
_bAlianza,
_bGrupo Anaya,
_c1994.
300 _a62 p. ;
_c15 cm.
490 1 _aAlianza cien
_v38
500 _aLibro de bolsillo
650 4 _aNovela peruana
_912569
650 4 _aLiteratura peruana
_93140
830 0 _aAlianza cien
_n38
_921472
999 _c7551
_d7551